000 00682nam a2200253Ia 4500
001 dia_3927
003 CHAP
005 20221002154829.0
008 220117s1999 xx 000 0 und d
010 _a174535
040 _cCHAP
090 _aFOLLETO 2655
100 _aContreras P., Guillermo
_9155565
245 _aFormación de precios de exportación /
_c Guillermo Contreras P.
260 _aMéxico :
_b BANCOMEXT,
_c1999
300 _a45 p.
500 _aC/e
650 _aComercio
_925557
650 _aMoneda
_977500
901 _aFOLLETO 2655
902 _aM
905 _a0000001999 mx 0000000000spa00
942 _cFOLL
_2local
999 _c174535
_d174535